| Tag |
First Indicator |
Second Indicator |
Subfields |
| LEADER |
00000cam a2200000 4500 |
| 001 |
in00000059793 |
| 005 |
20220322181418.0 |
| 008 |
760322r19581928nyuf b 000 0 eng d |
| 010 |
|
|
|a a 60002812
|
| 035 |
|
|
|a (OCoLC)02062176
|
| 035 |
|
|
|9 AAG1582AM
|
| 040 |
|
|
|a UPC
|c UPC
|d TXA
|d UtOrBLW
|
| 049 |
|
|
|a TXAM
|c [308711]
|
| 050 |
|
0 |
|a HT731
|b .D85 1958
|
| 092 |
|
|
|a 326.937
|b D855f, 1958
|
| 100 |
1 |
|
|a Duff, A. M.
|q (Arnold Mackay),
|d 1900-
|
| 245 |
1 |
0 |
|a Freedmen in the early Roman Empire.
|
| 264 |
|
1 |
|a New York :
|b Barnes & Noble,
|c 1958.
|
| 300 |
|
|
|a xii, 266 pages :
|b plates. ;
|c 22 cm.
|
| 336 |
|
|
|a text
|b txt
|2 rdacontent
|
| 337 |
|
|
|a unmediated
|b n
|2 rdamedia
|
| 338 |
|
|
|a volume
|b nc
|2 rdacarrier
|
| 500 |
|
|
|a "Original edition ... 1928. Photographically reprinted (with minor corrections in the text and with new Addenda vel Corrigenda) for W. Heffer & Sons, Ltd."
|
| 504 |
|
|
|a "Bibliography of ancient sources and modern authorities": pages [229]-232.
|
| 650 |
|
0 |
|a Freedmen
|z Rome.
|
| 651 |
|
0 |
|a Rome
|x Social conditions.
|
| 999 |
|
|
|a MARS
|
| 999 |
f |
f |
|s 1ed68b5a-538b-3b66-b6af-cb9b0431fe69
|i 2b583a70-2882-395d-9585-a569b41911d5
|t 0
|
| 952 |
f |
f |
|p ric
|a Texas A&M University
|b Rellis Campus
|c Joint Library Facility
|d Remote Storage
|t 0
|e HT731 .D85 1958
|h Library of Congress classification
|i unmediated -- volume
|m A14800672846
|
| 998 |
f |
f |
|a HT731 .D85 1958
|t 0
|l Remote Storage
|